000 01051cam a2200301 a 4500
001 3734510
005 20160215145656.0
008 820126s1980 nyua 001 0 eng
010 _a 81047550
020 _a0517545144 (pbk.) :
_c$6.95
040 _aDLC
_cDLC
_dDLC
041 1 _aengita
050 0 0 _aQM 25 .N8613 1980
_b.N8613
082 0 0 _a611/.0022/2
_219
130 0 _aNuovo atlante del corpo umano.
_lEnglish.
245 0 4 _aThe Color atlas of human anatomy /
_cedited by Vanio Vannini and Giuliano Pogliani ; translated and revised by Richard T. Jolly.
250 _a1st ed.
260 _aNew York :
_bHarmony Books,
_cc1980.
300 _a107 p. :
_bill. (some col.) ;
_c27 cm.
500 _aRev. translation of: Nuovo atlante del corpo umano.
500 _aIncludes index.
650 0 _aHuman anatomy
_xAtlases.
700 1 _aVannini, Vanio.
700 1 _aPogliani, Giuliano.
700 1 _aJolly, Richard T.
906 _a7
_bcbc
_corignew
_d2
_eocip
_f19
_gy-gencatlg
942 _2lcc
_cBOOKS
_hQM 25 .N8613 1980
999 _c10370
_d10370